<?xml version="1.0" encoding="UTF-8"?>
<record
    xmlns:xsi="http://www.w3.org/2001/XMLSchema-instance"
    xsi:schemaLocation="http://www.loc.gov/MARC21/slim http://www.loc.gov/standards/marcxml/schema/MARC21slim.xsd"
    xmlns="http://www.loc.gov/MARC21/slim">

  <leader>00372nam a22001337a 4500</leader>
  <datafield tag="999" ind1=" " ind2=" ">
    <subfield code="c">529328</subfield>
    <subfield code="d">529328</subfield>
  </datafield>
  <datafield tag="020" ind1=" " ind2=" ">
    <subfield code="a">9789354655500</subfield>
  </datafield>
  <datafield tag="082" ind1=" " ind2=" ">
    <subfield code="a">O9 C399</subfield>
  </datafield>
  <datafield tag="245" ind1=" " ind2=" ">
    <subfield code="a">RSSDI Textbook of Diabetes Mellitus</subfield>
    <subfield code="c">Edited by Rajeev Chawla</subfield>
  </datafield>
  <datafield tag="250" ind1=" " ind2=" ">
    <subfield code="a">5th Ed.</subfield>
  </datafield>
  <datafield tag="260" ind1=" " ind2=" ">
    <subfield code="a">New Delhi</subfield>
    <subfield code="b">Jaypee Brothers Medical Publishers</subfield>
    <subfield code="c">2023</subfield>
  </datafield>
  <datafield tag="300" ind1=" " ind2=" ">
    <subfield code="a">804p.</subfield>
  </datafield>
  <datafield tag="650" ind1=" " ind2=" ">
    <subfield code="a">Diabetes</subfield>
    <subfield code="9">51279</subfield>
  </datafield>
  <datafield tag="650" ind1=" " ind2=" ">
    <subfield code="a">Endrocrinology</subfield>
    <subfield code="9">51280</subfield>
  </datafield>
  <datafield tag="952" ind1=" " ind2=" ">
    <subfield code="0">0</subfield>
    <subfield code="1">0</subfield>
    <subfield code="2">ddc</subfield>
    <subfield code="4">0</subfield>
    <subfield code="6">O_9_000000000000000_C399</subfield>
    <subfield code="7">0</subfield>
    <subfield code="a">IIPA</subfield>
    <subfield code="b">IIPA</subfield>
    <subfield code="c">DISPLAY</subfield>
    <subfield code="d">2025-03-13</subfield>
    <subfield code="o">O9 C399</subfield>
    <subfield code="p">Gr25307</subfield>
    <subfield code="r">2025-03-13</subfield>
    <subfield code="w">2025-03-13</subfield>
    <subfield code="y">GR</subfield>
  </datafield>
  <datafield tag="952" ind1=" " ind2=" ">
    <subfield code="0">0</subfield>
    <subfield code="1">0</subfield>
    <subfield code="2">ddc</subfield>
    <subfield code="4">0</subfield>
    <subfield code="6">O_9_000000000000000_C399_C_2</subfield>
    <subfield code="7">0</subfield>
    <subfield code="a">IIPA</subfield>
    <subfield code="b">IIPA</subfield>
    <subfield code="c">DISPLAY</subfield>
    <subfield code="d">2025-03-13</subfield>
    <subfield code="o">O9 C399/c.2</subfield>
    <subfield code="p">Gr25464</subfield>
    <subfield code="r">2025-03-13</subfield>
    <subfield code="w">2025-03-13</subfield>
    <subfield code="y">GR</subfield>
  </datafield>
  <datafield tag="952" ind1=" " ind2=" ">
    <subfield code="0">0</subfield>
    <subfield code="1">0</subfield>
    <subfield code="2">ddc</subfield>
    <subfield code="4">0</subfield>
    <subfield code="6">O_9_000000000000000_C399_C_3</subfield>
    <subfield code="7">0</subfield>
    <subfield code="a">IIPA</subfield>
    <subfield code="b">IIPA</subfield>
    <subfield code="c">DISPLAY</subfield>
    <subfield code="d">2025-03-13</subfield>
    <subfield code="o">O9 C399/c.3</subfield>
    <subfield code="p">Gr25465</subfield>
    <subfield code="r">2025-03-13</subfield>
    <subfield code="w">2025-03-13</subfield>
    <subfield code="y">GR</subfield>
  </datafield>
  <datafield tag="952" ind1=" " ind2=" ">
    <subfield code="0">0</subfield>
    <subfield code="1">0</subfield>
    <subfield code="2">ddc</subfield>
    <subfield code="4">0</subfield>
    <subfield code="6">O_9_000000000000000_C399_C_4</subfield>
    <subfield code="7">0</subfield>
    <subfield code="a">IIPA</subfield>
    <subfield code="b">IIPA</subfield>
    <subfield code="c">DISPLAY</subfield>
    <subfield code="d">2025-03-13</subfield>
    <subfield code="o">O9 C399/c.4</subfield>
    <subfield code="p">Gr25466</subfield>
    <subfield code="r">2025-03-13</subfield>
    <subfield code="w">2025-03-13</subfield>
    <subfield code="y">GR</subfield>
  </datafield>
  <datafield tag="952" ind1=" " ind2=" ">
    <subfield code="0">0</subfield>
    <subfield code="1">0</subfield>
    <subfield code="2">ddc</subfield>
    <subfield code="4">0</subfield>
    <subfield code="6">O_9_000000000000000_C399_C_5</subfield>
    <subfield code="7">0</subfield>
    <subfield code="a">IIPA</subfield>
    <subfield code="b">IIPA</subfield>
    <subfield code="c">DISPLAY</subfield>
    <subfield code="d">2025-03-13</subfield>
    <subfield code="o">O9 C399/c.5</subfield>
    <subfield code="p">Gr25467</subfield>
    <subfield code="r">2025-03-13</subfield>
    <subfield code="w">2025-03-13</subfield>
    <subfield code="y">GR</subfield>
  </datafield>
</record>
